Problémy dôchodkových systémov vo vyspelých krajinách

Problematika štátnych penzijných fondov vo vyspelých krajinách Európy. Tlaky na zníženie štátnych penzijných systémov. Systém súkromných penzijných fondov.

Salvato in:
Dettagli Bibliografici
Autore principale: Stanek, Vojtech
Natura: Capitolo di libro
Lingua:slovacco
Soggetti:
Tags: Aggiungi Tag
Nessun Tag, puoi essere il primo ad aggiungerne!!

MARC

LEADER 00000naa a2200000 4500
001 r017021
005 20221205102534.8
041 0 |a slo 
044 |a SK 
245 1 0 |a Problémy dôchodkových systémov vo vyspelých krajinách  |c Vojtech Stanek 
520 |a Problematika štátnych penzijných fondov vo vyspelých krajinách Európy. Tlaky na zníženie štátnych penzijných systémov. Systém súkromných penzijných fondov. 
610 2 0 |a dôchodky starobné 
610 2 0 |a fondy penzijné 
610 2 0 |a Európa 
100 1 |a Stanek, Vojtech